|
|
|
|
| LEADER |
00000naa2a2200000 4500 |
| 001 |
400399 |
| 005 |
20231101065403.0 |
| 035 |
|
|
|a (RuTPU)RU\TPU\prd\42709
|
| 035 |
|
|
|a RU\TPU\prd\42708
|
| 090 |
|
|
|a 400399
|
| 100 |
|
|
|a 20060413a2005 k y0rusy50 ca
|
| 101 |
0 |
|
|a rus
|
| 102 |
|
|
|a RU
|
| 200 |
1 |
|
|a Законодательные основы договорных отношений библиотек в процессе социального партнерства
|f О. Ф. Бойкова
|
| 225 |
1 |
|
|a Теория и практика: точки пересечения
|i Тема: Социальное партнерство и библиотеки
|
| 320 |
|
|
|a Библиогр.: 44 назв.
|
| 461 |
|
0 |
|0 (RuTPU)RU\TPU\prd\7961
|t Библиотечное дело - XXI век
|o приложение к журналу "Библиотековедение"
|o научно-практический сборник
|d 2002-
|
| 463 |
|
0 |
|0 (RuTPU)RU\TPU\prd\42645
|t № 2
|v С. 25-40
|d 2005
|
| 610 |
1 |
|
|a библиотеки
|
| 610 |
1 |
|
|a социальное партнерство
|
| 610 |
1 |
|
|a договорные отношения
|
| 610 |
1 |
|
|a законодательные основы
|
| 610 |
1 |
|
|a федеральный уровень
|
| 610 |
1 |
|
|a отраслевой уровень
|
| 610 |
1 |
|
|a территориальный уровень
|
| 610 |
1 |
|
|a нормативные акты
|
| 700 |
|
1 |
|a Бойкова
|b О. Ф.
|g Ольга Феоктистовна
|
| 801 |
|
1 |
|a RU
|b 63413507
|c 20060413
|g PSBO
|
| 801 |
|
2 |
|a RU
|b 63413507
|c 20060413
|g PSBO
|
| 942 |
|
|
|c BK
|